| 000 | 00379nam a22001457a 4500 | ||
|---|---|---|---|
| 008 | 181031b xxu||||| |||| 00| 0 eng d | ||
| 020 | _a684127253 | ||
| 041 | _aeng | ||
| 080 | _a91 | ||
| 082 | _a91 | ||
| 100 | _a42 | ||
| 101 | _aGJEO | ||
| 245 |
_aDiscovery developing views of the earth from Ancient Times to the Voyages of Captain Cook _cParker.J |
||
| 942 |
_2udc _cBK |
||
| 999 |
_c51219 _d51219 |
||